VÝZNAM AUDITU V SYSTÉME MANAŽÉRSTVA INFORMAČNEJ BEZPEČNOSTI (SMIB)

Bibliographic Details
Main Author: Šolc, Marek (Author)
Format: Article
Language:Slovak

MARC

LEADER 00000nab a2200000uu 4500
001 vtls010908701
003 SK-MaSNL
005 20260303105827.0
008 230121|2009 xo |||||||||||||||||slo|
015 |a SNBRB 
035 |a (urnnbn)urn:nbn:sk:snk:ar-a07yyg 
035 |a (uuid)e074c649-aba4-4a8c-ab46-e6254091c4ff 
035 |a urn:nbn:sk:snk-ab8yj6 
040 |a SNKBUCL  |b slo  |c SNKBUCL  |e AACR2 
041 0 |a slo 
044 |a xo  |c SK 
100 1 |a Šolc, Marek  |4 aut  |9 335040 
245 1 0 |a VÝZNAM AUDITU V SYSTÉME MANAŽÉRSTVA INFORMAČNEJ BEZPEČNOSTI (SMIB)  |c Marek Šolc 
773 0 |t Bezpečnosť práce : odborný časopis pre problematiku bezpečnosti a ochrany zdravia pri práci  |g Roč. 9, č. 8 (2009), s. 35-39 
954 |a odborná, vedecká literatúra pôvodná (slovenská)  |2 lita 
958 |a OND 
958 |a EUIPO 
958 |a article10 
999 |c 1865864  |d 1867794